Epistemología de la economía (Registro nro. 3281)

Detalles MARC
000 -LEADER
fixed length control field 01426 a2200301 4500
001 - CONTROL NUMBER
control field 40640
005 - DATE AND TIME OF LATEST TRANSACTION
control field 20260407155702.0
008 - FIXED-LENGTH DATA ELEMENTS--GENERAL INFORMATION
fixed length control field 260407a1991 arg spa d
003 - CONTROL NUMBER IDENTIFIER
control field AR-UNSa-BCEJYS
040 ## - CATALOGING SOURCE
Original cataloging agency AR-UNSa-BCEJYS
Language of cataloging spa
Transcribing agency AR-UNSa-BCEJYS
080 ## - UNIVERSAL DECIMAL CLASSIFICATION NUMBER
Universal Decimal Classification number 165
Common auxiliary subdivision Teoría del conocimiento. Epistemología
020 ## - INTERNATIONAL STANDARD BOOK NUMBER
International Standard Book Number 950-534-608-5
041 ## - LANGUAGE CODE
Language code of text/sound track or separate title spa
100 1# - MAIN ENTRY--PERSONAL NAME
Personal name Scarano, Eduardo R
245 10 - TITLE STATEMENT
Title Epistemología de la economía
264 #1 - PRODUCTION, PUBLICATION, DISTRIBUTION, MANUFACTURE, AND COPYRIGHT NOTICE
Place of production, publication, distribution, manufacture Buenos Aires :
Name of producer, publisher, distributor, manufacturer A-Z Editora
Date of production, publication, distribution, manufacture, or copyright notice 1991
300 ## - PHYSICAL DESCRIPTION
Extent 140 p.
Dimensions 23 cm.
505 ## - FORMATTED CONTENTS NOTE
Formatted contents note 1. Descubrimientos y justificación en la filosofía de la ciencia - 2. Preferencias como lógica: consecuencias para la microeconomía - 3. Individualismo subjetivo - 4. Kuhn y la economía neoclásica - 5. ¿El fin de la historia? - 6. Complejidad y autoorganización en Paul Krugman - 7. La teoría de la elección social - 8. El papel de la epistemología en la selección de proyectos alternativos de ordenamiento social - 9. Influencia de la metodología estándar sobre la teoría económica neoclásica
590 ## - LOCAL NOTE (RLIN)
Local note niveau_biblio:m niveau_hierar:0
700 1# - ADDED ENTRY--PERSONAL NAME
Personal name Marqués, Gustavo L.
700 1# - ADDED ENTRY--PERSONAL NAME
Personal name Auday, Marcelo R.
700 1# - ADDED ENTRY--PERSONAL NAME
Personal name García, Pablo Sebastián
700 1# - ADDED ENTRY--PERSONAL NAME
Personal name Gómez, Ricardo J.
700 1# - ADDED ENTRY--PERSONAL NAME
Personal name Lagrave, Fernando
700 1# - ADDED ENTRY--PERSONAL NAME
Personal name Schuster, Félix G.
856 41 - ELECTRONIC LOCATION AND ACCESS
Uniform Resource Identifier <a href="https://biblioeco.unsa.edu.ar/pmb/images/libros/L86119.jpg">https://biblioeco.unsa.edu.ar/pmb/images/libros/L86119.jpg</a>
Link text Imagen de portada
Electronic format type image/jpeg
942 ## - ADDED ENTRY ELEMENTS (KOHA)
Koha item type
Existencias
Withdrawn status Lost status Damaged status Not for loan Home library Current library Shelving location Date acquired Total checkouts Full call number Barcode Date last seen Price effective from Koha item type
        Biblioteca Prof. Eusebio Cleto del Rey Biblioteca Prof. Eusebio Cleto del Rey   07/04/2026   165 S285 L86119 07/04/2026 07/04/2026 Libro
        Biblioteca Prof. Eusebio Cleto del Rey Biblioteca Prof. Eusebio Cleto del Rey   07/04/2026   165 S285 L86118 07/04/2026 07/04/2026 Libro
        Biblioteca Prof. Eusebio Cleto del Rey Biblioteca Prof. Eusebio Cleto del Rey   07/04/2026   165 S285 L86120 07/04/2026 07/04/2026 Libro
        Biblioteca Prof. Eusebio Cleto del Rey Biblioteca Prof. Eusebio Cleto del Rey   07/04/2026   165 S285 L86754 07/04/2026 07/04/2026 Libro
        Biblioteca Prof. Eusebio Cleto del Rey Biblioteca Prof. Eusebio Cleto del Rey   07/04/2026   165 S285 L86755 07/04/2026 07/04/2026 Libro